| 000 | 00572nam a2200205Ia 4500 | ||
|---|---|---|---|
| 003 | OSt | ||
| 005 | 20260213195634.0 | ||
| 020 | _a978-0-672-32993-7 | ||
| 040 | _cLC | ||
| 050 | _aQA 76.76 .O63 H83 2009 | ||
| 100 | _aHUDSON, ANDREW | ||
| 245 | 0 | _aUBUNTU UNLEASHED | |
| 250 | _a2008 EDITION | ||
| 260 |
_aINDIANAPOLIS, _bSAMS PUBLISHING, _c2009, |
||
| 300 | _aXXiV, 826 P, ILL | ||
| 500 | _aINCLUDES BIBLIOGRAPHICAL REFERENCES AND INDEX | ||
| 650 | _aUbuntu (Electronic resource) Linux, Operating systems (Computers) | ||
| 700 | _aHUDSON PAUL | ||
| 942 |
_cBK _2lcc |
||
| 999 |
_c184102 _d184102 |
||